000 00355nam a2200133Ia 4500
999 _c6748
_d6748
003 OSt
008 191201s2012 xx 000 0 und d
100 _aHELFAND, Lewis
245 0 _aAbraham Lincoln From the Log Cabin to the White House
260 _bKALYANI NAVYUG MEDIA PVT LTD
_c2012
300 _a105
650 _aGeneral Books
942 _2ddc
_cBK
_01